000 00364nam a2200145Ia 4500
008 231129s2008||||xx |||||||||||||| ||spa||
020 _a978-958-44-2842-4
040 _bspa
082 _aCo863.6 T124d
100 _aTafur Humberto
245 0 _aEl desembarco
260 _c2008
264 _aPijao Editores
942 _2ddc
_cBKS
999 _c10828
_d10828